عرض عادي عرض مارك
  • Computer vision

مدخل مصطلح موضوعي

عدد التسجيلات المستخدمة في: 3

001 - رقم الضبط

  • حقل الضبط: 3411

003 - معرف رقم الضبط

  • حقل الضبط: OSt

005 - تاريخ ووقت أخر عملية

  • حقل الضبط: 20110827112536.0

008 - عناصر بيانات ثابتة الطول

  • حقل تحكم ثابت الطول: 110827|||a|||||| | ||| d

040 ## - مصدر الفهرسة

  • هيئة الفهرسة الأصلية: OSt
  • وكالة الكتابة: OSt

150 ## - مدخل-- مصطلح تاريخي

  • عنصر مدخل المصطلح الموضوعي او الاسم الجغرافي: Computer vision
  • تفريع عام: Congresses.

670 ## - بيانات المصدر موجوده

  • الاستشهاد بالمصدر: Work cat.: (OSt): Advanced concepts for intelligent vision systems (International conference) |c Sydney, Australia (2010 : |c Sydney, Australia) 2010 Dec :) 3410, Advanced concepts for intelligent vision systems : , 2010.